Advanced accounts (Record no. 3791)

000 -LEADER
fixed length control field 00583nam a22002291 4500
001 - CONTROL NUMBER
control field 3791
003 - CONTROL NUMBER IDENTIFIER
control field BD-DhUET
008 - FIXED-LENGTH DATA ELEMENTS--GENERAL INFORMATION
fixed length control field 740123s1966 ii k 000 0 eng
020 ## - INTERNATIONAL STANDARD BOOK NUMBER
International Standard Book Number 8121902789
040 ## - CATALOGING SOURCE
Original cataloging agency DLC
Transcribing agency DLC
Modifying agency BD-DhUET
082 00 - DEWEY DECIMAL CLASSIFICATION NUMBER
Classification number 657
Item number SHU/1999
100 1# - MAIN ENTRY--PERSONAL NAME
Personal name Shukla, M. C.
245 10 - TITLE STATEMENT
Title Advanced accounts
Statement of responsibility, etc. by M. C. Shukla and T. S. Grewal
250 ## - EDITION STATEMENT
Edition statement 14th ed.
260 ## - PUBLICATION, DISTRIBUTION, ETC. (IMPRINT)
Place of publication, distribution, etc. New Delhi
Name of publisher, distributor, etc. S, chand
Date of publication, distribution, etc. 1999
300 ## - PHYSICAL DESCRIPTION
Extent v.p.
Other physical details ill.
Dimensions 25 cm.
504 ## - BIBLIOGRAPHY, ETC. NOTE
Bibliography, etc Includes bibliographies
650 #0 - SUBJECT ADDED ENTRY--TOPICAL TERM
Topical term or geographic name as entry element Accounting
700 ## - ADDED ENTRY--PERSONAL NAME
Personal name Grewal, T. S.
700 ## - ADDED ENTRY--PERSONAL NAME
Personal name Gupta, S. C.
942 ## - ADDED ENTRY ELEMENTS (KOHA)
Koha item type General Book
Holdings
Location (home branch) Sublocation or collection (holding branch) Source of classification or shelving scheme Withdrawn status Shelving location Koha item type Piece designation (barcode) Koha normalized classification for sorting Copy number Koha full call number Date acquired Koha date last seen Damaged status Not for loan Lost status Price effective from
Central Library, BUETCentral Library, BUET  Circulation sectionGeneral Book93656657SHU19991657/SHU/19992014-11-052014-11-05   2014-11-05
Central Library, BUETCentral Library, BUET  Circulation sectionGeneral Book93657657SHU19992657/SHU/19992014-11-052014-11-05   2014-11-05
Central Library, BUETCentral Library, BUET  Circulation sectionGeneral Book93658657SHU19993657/SHU/19992014-11-052014-11-05   2014-11-05
Central Library, BUETCentral Library, BUET  Circulation sectionGeneral Book93659657SHU19994657/SHU/19992014-11-052014-11-05   2014-11-05
Central Library, BUETCentral Library, BUET  Circulation sectionGeneral Book93660657SHU19995657/SHU/19992014-11-052014-11-05   2014-11-05
Central Library, BUETCentral Library, BUET  Circulation sectionGeneral Book93661657_000000000000000_SHU_19996657/SHU/19992014-11-052014-11-05   2014-11-05
Central Library, BUETCentral Library, BUET  Circulation sectionGeneral Book93662657SHU19997657/SHU/19992014-11-052014-11-05   2014-11-05
Central Library, BUETCentral Library, BUET  Circulation sectionGeneral Book93655657_000000000000000_SHU_19998657/SHU/19992014-11-052014-11-05   2014-11-05
Central Library, BUETCentral Library, BUET  Reading sectionReading Item93654657_000000000000000_SHU_19999657/SHU/19992015-06-202015-06-20   2015-06-20
Central Library, BUETCentral Library, BUET  Reading sectionReading Item93653657_000000000000000_SHU_199910657/SHU/19992015-06-202015-06-20   2015-06-20